| 000 | 00556nam a22001697a 4500 | ||
|---|---|---|---|
| 003 | BD-ChCU | ||
| 005 | 20260215114153.0 | ||
| 008 | 260215b bg ||||| |||| 00| 0 ben d | ||
| 040 | _cBD-ChCU | ||
| 082 | _a509 TAS | ||
| 100 |
_aTaylor, F. Sherwood. _920287 |
||
| 245 |
_aA short history of Science and Scientific thought : _bwith readings from the great scientist from the Babylonians to Einstein.// _cTaylor, F. Sherwood. |
||
| 260 |
_aNew York. _bW. W. Norton. _c1963 |
||
| 300 | _a368p, | ||
| 650 | 0 |
_aSciennce - History. _920289 |
|
| 942 |
_2ddc _cBK _n0 |
||
| 999 |
_c111584 _d111584 |
||